000 01960cam a2200289 i 4500
003 SA-RiAUC
005 20250809053008.0
008 250807s1996 su g 00000 ara c
020 _a9960010171
024 0 _a00000000969855
040 _aSA-JeALM
_bara
_cSA-RiAUC
_dAE-DuMBRL
_erda
082 0 4 _a251
_qSA-RiAUC
090 _a251
_bا ن ص
100 1 _aالأنصاري، أحمد بن محمد عمر
_eمؤلف.
245 1 0 _aآثار اختلاف الفقهاء في الشريعة /
_cتأليف أحمد بن محمد عمر الأنصاري.
250 _aالطبعة الأولى.
264 1 _aالرياض ؛
_aالقصيم :
_bمكتبة الرشد،
_c1996.
300 _a472 صفحة ؛
_c24 سم.
336 _aنص
_btxt
_2rdacontent
_3كتاب
337 _aبدون وسيط
_bn
_2rdamedia
338 _aمجلد
_bnc
_2rdacarrier
520 _aيتناول كتاب (آثار اختلاف الفقهاء في الشريعة) والذي قام بتأليفه أحمد بن محمد عمر الأنصاري، موضوع (اختلاف الفقهاء) الكتاب يقدم دراسة نقدية تحليلية متصفة بالموضوعية، والنظرة الفاحصة العادلة، حيث وجد أن الاختلاف في فروع الشريعة الإسلامية، أنتج آثارا إيجابية أفاد منه العلماء المسلمون، وأن هذا الاختلاف بإيجابيته لم يخل من آثار أخرى سلبية، جرت بلاء كبير على الفقه الإسلامي وعلمائه ومجتمعه. كان نتاجها التعصب وإختلاف المذاهب في أصول العقيدة، والتناحر والتباغض فيما بينهم، وانشغالهم بقضايا فرعية.
650 7 _aالاختلاف (فقه إسلامي)
_2aucsh
650 7 _aأصول الفقه الإسلامي
_2aucsh
942 _2ddc
_cBOOK
_n0
949 _aSA-JeALM
_d250807
_uosman123
_n1
999 _c10701
_d10701